000 00990nam a2200313 4500
001 3767492
003 000
005 20150512153044.0
007 000
008 000
010 _a 83001060
020 _a0442223455 :
_c$22.50
040 _aUOEL
_cDLC
_dDLC
050 0 0 _aSB472.3
_b.R6 1983
082 0 0 _a635.9
_219
245 0 0 _aPlanting details /
_c[edited by] Gary O. Robinette and Richard Nehring.
260 _aNew York :
_bVan Nostrand Reinhold Co.
_cc1983.
300 _a251 p. :
_bill. ;
_c29 cm.
500 _a"Material collected and organized through the Center for Landscape Architectural Education and Research."
650 0 _aLandscape gardening.
650 0 _aLandscape architecture.
650 0 _aTree planting.
650 0 _aPlanting.
700 1 _aRobinette, Gary O.
700 1 _aNehring, Richard David.
710 2 _aCenter for Landscape Architectural Education and Research (U.S.)
906 _a7
_bcbc
_corignew
_d1
_eocip
_f19
_gy-gencatlg
942 _2lcc
_cLL
999 _c7281
_d7281